League of Legends - Champions les - bannis - Statistiques

Statistiques générales
  • Ce quiz a été pris 205 fois
  • Le résultat moyen est 6 sur 20
Statistiques - réponses
Hint Réponse % Correct
0,2 % Ivern
61%
0,1 % Skarner
59%
0,2 % Aurelion sol
43%
0,2 % Sona
43%
0,3 % Braum
34%
0,1 % Corki
32%
0,3 % Galio
32%
0,1 % Orianna
32%
0,3 % Kog'maw
29%
0,1 % Ryze
27%
0,1 % Neeko
25%
0,3 % Annie
24%
0,2 % Rakan
24%
0,1 % Twisted fate
22%
0,3 % Vel'koz
20%
0,3 % Jayce
18%
0,1 % Ziggs
18%
0,2 % Xayah
16%
0,2 % Xin zhao
15%
0,3 % Jarvan IV
9%
Aucun quiz correspondant
Distribution des résultats
% des personnes avec chaque résultat
Percentile par nombre de réponses
Votre historique - résultats
Vous n’avez pas pris ce quiz